000 00515nam a2200181Ia 4500
001 23878
005 20260414151006.0
008 260414t2010||||xx |||||||||||||| ||spa||
041 _aESP
082 _a720.288
_bP84
100 _aPrado nuñez, Ricardo
_eAUT
245 0 _aProcedimientos de restauración y materiales :
_bprotección y conservación de edificios artísticos e históricos
260 _c2010
300 _a206 páginas :
_c27 cm.
650 _aABD
654 _aCAU
942 _cLIB
_dJUS
_fJUS
_2ddc
_n
999 _c23878
_d23878